Quizzes
Events
Quiz Creation
Community
Videos
Private Events
Remove Ads
Sign In
Join for FREE
Feedback
Dark Mode
Quiz Categories
Sports
Geography
Music
Movies
Television
Just For Fun
Miscellaneous
History
Literature
Language
Science
Gaming
Entertainment
Religion
Holiday
For Kids
Quiz Lab
Recent
Popular Today
Quiz Kudos Today
Editor Picks
Curator Picks
Quizzes by...
Day
Popularity
Type
Ratings
Length
Year
Community
Subscriptions
Recent Discussions
Orange Saloon
Badges
Playlists
Quests
Create
Leaderboards
Showdown
Live 5
Trivia Bingo
Activity
Puzzle Library
Sporcle Events
Private Events
Virtual Trivia
Globe League
Become a Host
Pub Owners
SporcleCon
Opinionation
Our Games
Videos
Blog
Mobile Apps
Partnerships
Remove Ads and Go Orange
Feedback
Music
Pop Music
The Beatles
Song
Album
Lyrics
Bands
Singers
Artist
Clip
Rock
Rap
Classical
Billboard
Country Music
Kpop
Taylor Swift
Music
Pop Music
The Beatles
Song
Album
Lyrics
Bands
Singers
Artist
Clip
Rock
Rap
Classical
Billboard
Country Music
Kpop
Taylor Swift
Random Quiz
Search Sporcle
×
Quiz Lab
Quiz Lab
Music
Song
Type in answers that appear in a list
Type in answers that appear in a list
Classic
Best Score? Go Orange.
WHO HAD THE EARLIEST HIT VERSION OF THESE SONGS? Stats
Can you name the ACTS WITH THE EARLIEST HIT VERSION OF THESE SONGS??
By
downunder
5m
25 Questions
35 Plays
35 Plays
35 Plays
Comments
Comments
Give Quiz Kudos
Give Quiz Kudos
-
- Ratings
hide this ad
More Info
Forced Order
Answers have to be entered in order
Answers have to be entered in order
Minefield
Wrong answers will end the quiz
Wrong answers will end the quiz
Wrong Answers
Some wrong answers will appear in red
Some wrong answers will appear in red
Random Order
Randomize order of answers
Randomize order of answers
Replay
Link that replays current quiz
Next Quiz
Link to next quiz in quiz playlist
You Got
0%
They Got
Avg Score
94%
Avg Friend Score
Upgrade to see
Score Distribution
Jump to the score distribution portion of the page
Score
0/25
Timer
05:00
0
Plays Today
Song Title & Possible answers:
Earliest Hit Version by:
% Correct
Ain't No Mountain High Enough: Diana Ross/
Marvin Gaye & Tammi Terrell
???
100%
Emotion: Destiny's Child /
Samantha Sang
???
97.1%
I Drove All Night: Cyndi Lauper/
Roy Orbison
???
97.1%
Shoop Shoop Song (It's in his Kiss): Cher/
Betty Everett
???
97.1%
Baby It's You: Beatles/
Shirelles
???
97.1%
I Say a Little Prayer: Aretha Franklin /
Dionne Warwick
???
97.1%
Unchained Melody: Al Hibbler/
Righteous Brothers
???
94.3%
You've Made Me So Very Happy: Brenda Holloway /
Blood, Sweat & Tears
???
94.3%
Venus: Shocking Blue /
Bananarama
???
94.3%
Spanish Harlem: Aretha Franklin /
Ben E King
???
94.3%
Reach Out I'll Be There: Diana Ross /
Gloria Gaynor
???
94.3%
As Tears go By: Marianne Faithfull /
Rolling Stones
???
94.3%
Blue Moon: Marcels /
Elvis Presley
???
94.3%
Song Title & Possible answers:
Earliest Hit Version by:
% Correct
Crimson & Clover: Tommy James /
Joan Jett
???
94.3%
Fantastic Voyage: Coolio /
Lakeside
???
94.3%
I Can Hear Music: Beach Boys /
Ronettes
???
94.3%
Mack the Knife: Louis Armstrong /
Bobby Darin
???
94.3%
I Heard it through the Grapevine: Gladys Knight & the Pips /
Marvin Gaye
???
91.4%
I Go To Rio: Pablo Cruise /
Peter Allen
???
91.4%
We've Got Tonite: Kenny Rogers & Sheena Easton /
Bob Seger
???
91.4%
You've Got a Friend: Roberta Flack & Donny Hathaway /
James Taylor
???
91.4%
Hooked on a Feeling: B. J. Thomas /
Blue Swede
???
91.4%
How Can I Be Sure: David Cassidy /
Young Rascals
???
91.4%
Soothe Me: Sims Twins /
Sam & Dave
???
91.4%
Walk Away Renee: Left Banke /
Four Tops
???
91.4%
Quiz Playlist
Details
Report
Send in Message
Add To Playlist
More Info:
Who scored the earliest hit version of this song?
Classic:
Type in answers that appear in a list
Forced Order:
Answers have to be entered in order
Minefield:
Wrong answers will end the quiz
Wrong Answers:
Some wrong answers will appear in red
Random Order:
Randomize order of answers
Last Updated: Feb 16, 2017
Quiz Scoreboard
CHALLENGE
Sign Up to Join the Scoreboard
Show All
Scores
Hide
Comments
May contain spoilers
Recently Published
One Thing in Common: World Cities II
by knightlancer
Geography
7m
Popular People in 1961
by mucciniale
History
6m
1-10 Letter E Words III
by El_Dandy
Language
2m
More to Explore
Quiz From the Vault
Featured Blog Post
Where Did the Easter Bunny Come From?
hide this ad
You Might Also Like...
Tags
Song Quiz
Chart Hits
earliest
hit
Version
Today's Top Quizzes in Music
Browse Music
hide this ad
Today's Top Quizzes in Song
Browse Song
Top Contributed Quizzes in Music
1
Taylor Swift All Songs (2024)
2
2010s Album by Cover III
3
Taylor Swift Logic Puzzle
4
One Thing in Common: Music
5
Guess the Artist- 70s Songs
6
Guess the Taylor Swift song (Mystery Song)
7
2010s Album by Cover V
8
2010s Album by Cover IV
9
Lana Del Rey Discography (BTD to DYKTTATUOB)
10
KPOP LOGIC QUIZ
Explore More
Trending Topics
Kpop
NBA
Harry Potter
Disney
Crossword
Marvel
Anime
WWE
NFL
Puzzle
Pokémon
The Office
Soccer
Country
Song
hide this ad
More By:
downunder
Quiz
Plays
Rating
Category
Featured
Created
Top Charting Musical Artists (1980s)
26,656
4.12
Music
Dec 1, 2013
'LES MISERABLES' QUIZ
18,201
2.35
Entertainment
Feb 7, 2013
GAME OF THRONES SEASON 1 QUIZ
10,430
3.86
Television
Dec 4, 2016
GAME OF THRONES SEASON 2 QUIZ
6,739
4.00
Television
Dec 6, 2016
GAME OF THRONES SEASON 3 QUIZ
5,355
4.75
Television
Dec 8, 2016
Go to Creator's Profile
Score Distribution
Quiz Creator Spotlight
downunder
Follow
Send a Message
Quizzes Created
-
Created Quiz Play Count
-
More By This Creator
Popular Quizzes Today
1
Find the US States - No Outlines Minefield
2
The Countries of the World
3
Find the Countries of Europe - No Outlines Minefield
4
Popular People in 1961
5
1-10 Letter E Words III
6
Find the US States
7
One Thing in Common: World Cities II
8
US States
More Music Quizzes
Taylor Swift: Paper Rings (Lyrics)
Quiz Lab
Trending Quizzes
Risky Map Clicking: Least Populous States A-Z
1-10 Letter F Words
1-10 Letter G Words
One Thing in Common: United Kingdom
Risky Map Clicking: Next State Alphabetically
Recently Updated
Leaping Animals
pecheneg
Reality TV Shows (A-Z)
bhenderson79
Rickey Henderson's Hall of Fame Teammates
pecheneg
Champions League XIs: Arsenal
pecheneg
Quick Pick: Celebrities in WWE's Hall of Fame
aduchscher
A-Z Keypad Blitz II
pecheneg
Multiple Oscar Actors
pecheneg
Mystery Phrase Blitz: Oscar 'Best Actors'
pecheneg
F. Scott Fitzgerald Novels
LTH
Pick 3 Villains
ddd62291
Trending Topics
Kpop
Anime
Marvel
Disney
Crossword
Harry Potter
NBA
Pokémon
NFL
Country
Song
Puzzle
The Office
Soccer
WWE
Your Account Isn't Verified!
In order to create a playlist on Sporcle, you need to verify the email address you used during registration. Go to your
Sporcle Settings
to finish the process.
Report this User
Report this user for behavior that violates our
Community Guidelines
.
Details:
Send Report
Go to the Sporcle.com Mobile Site →
Comments